000 00627cam a2200205 4500
001 D15440
008 090401t1985 xxu||||| |||| 00| 0 eng d
035 _a(Sirsi) u22850
041 _aeng
050 _a711.558
110 _aRoyal Institution of Chartered Surveyors
_94900
245 _aGreen Belts: areas of opportunity? One-day conference, RICS Westminster Centre, 21 February 1985
260 _aLondon
_bSurveyors` Technical Services
_c1985
300 _a4 papers
350 _a0
520 _aFiled in box RICS 1985/4 ABCD
710 _aPlanning and Development Division
_9784
942 _n0
948 _c04/03/1997
999 _c88261
_d88261